01185nkm a2200265 i 45000010005000000030009000050050017000140070006000310080041000371000024000782450112001022600029002143000039002434900075002825000035003575110061003925180122004536000021005756000042005966100064006387100022007028300075007248520027007998560093008263396ES-MaACL20250713062659.0khrbo051020s1984 sp --- g |001||spa d0 aAlfonso,d1902-199014aLos conceptos de "magna patria" y de "cultura" en Henríquez Ureña [hFotografía] / cAlfonso (sello). a[S.l. : bs.n.], c1984. a3 fot. : bb. y n. ; c12 x 18 cm.1 aHomenaje a Pedro Henríquez Ureña en el centenario de su nacimiento aDatos basados en invitación.0 aIntervienen: Pedro Vergés, Cesar Navarro de Francisco. aActo organizado por el Ateneo de Madrid, celebrado en la sala de conferencias el lunes, 22 de octubre, a las 20:00 h.14aVergés, Pedro.14aNavarro de Francisco, César,d1932-24aAteneo de Madrid-xActos culturales-y1984-vFotografías.2 aAteneo de Madrid.0 aHomenaje a Pedro Henríquez Ureña en el centenario de su nacimiento aES-MaACLjFOT 103/19844 uhttp://www.ateneodemadrid.net/biblioteca_digital/imagenes/1984/0103-1984.jpgzVer imagen